Les villes de France les plus peuplées en 1800 - Statistiques

Statistiques générales
  • Ce quiz a été pris 178 fois
  • Le résultat moyen est 16 sur 20
Statistiques - réponses
Nombre d'habitants Ville % Correct
713 966 Paris
100%
109 483 Marseille
99%
64 291 Lille
98%
149 171 Lyon
98%
89 202 Bordeaux
96%
49 680 Strasbourg
95%
68 427 Nantes
92%
52 328 Toulouse
92%
29 589 Rennes
89%
35 123 Montpellier
86%
31 080 Reims
82%
86 736 Rouen
78%
40 233 Orléans
75%
30 010 Clermont-Ferrand
73%
42 483 Metz
73%
30 798 Toulon
69%
31 978 Angers
61%
37 243 Caen
59%
39 068 Nîmes
58%
42 032 Amiens
54%
Aucun quiz correspondant
Distribution des résultats
% des personnes avec chaque résultat
Percentile par nombre de réponses
Votre historique - résultats
Vous n’avez pas pris ce quiz